Harry potter y la piedra filosofal /

Guardado en:
Autor Principal: Rowling, J. K.
Formato: Libro
Publicado: Barcelona : Salamandra, 1999
Materias:
Etiquetas: Agregar Etiqueta
Sin Etiquetas, Sea el primero en etiquetar este registro!
LEADER 00631nam a22002295a 4500
001 CEM.cems018494
005 20151027100739.0
008 130507s1999##################000#0#####d
003 CEMS
020 |a 9788498380125 
082 0 4 |a 823.9 
100 1 |a Rowling, J. K. 
245 1 0 |a Harry potter y la piedra filosofal /  |c J. K. Rowling 
260 |a Barcelona :  |b Salamandra,  |c 1999 
300 |a 255 p. 
653 |a Literatura 
653 |a Literatura inglesa 
653 |a Novelas 
653 |a Novela inglesa 
653 |a Novela juvenil 
653 |a Literatura juvenil 
859 |a CEMS  |b BIB. CEMS - Agricultura  |h 823.9  |i R795  |p A2224.15  |t Ej.1